Statical balancing of a compensated manipulator

Bibliographic Details
Main Author: Segľa, Štefan, 1954- (Author)
Format: Article
Language:English
ISBN:8022717088

MARC

LEADER 00000naa a2200000uu 4500
001 vtls011034064
003 SK-MaSNL
005 20260302124812.0
008 210909|2002 xo |||||||||||||||||eng|
015 |a SNBRA 
035 |a (urnnbn)urn:nbn:sk:snk:ar-008sju 
035 |a (uuid)f25ba7a8-139e-4eb8-bb93-aafe83d3394e 
035 |a urn:nbn:sk:snk-aauody 
040 |a SNKBUCL  |b slo  |c SNKBUCL  |e AACR2 
041 0 |a eng 
044 |a xo  |c SK 
100 1 |a Segľa, Štefan,  |d 1954-  |4 aut  |9 53017 
245 1 0 |a Statical balancing of a compensated manipulator  |c Š. Segľa 
773 0 |t Dynamics of Gear Drives  |d In Bratislava : Slovak University of Technology, 2002  |g S. 39  |z 8022717088 
958 |a OND 
958 |a article12 
958 |a chapter 
999 |c 1290180  |d 1292110